| 000 | 01173cam a22002774a 4500 | ||
|---|---|---|---|
| 001 | 13607561 | ||
| 005 | 20251121102344.0 | ||
| 008 | 040527s2005 nyua bf 001 0 eng | ||
| 020 | _a0071432051 | ||
| 020 | _a9780071432054 | ||
| 050 | 0 | 0 |
_aTH151 _b.T55 2005 |
| 082 | 0 | 0 |
_a721 _222 |
| 245 | 0 | 0 |
_aTime-saver standards for architectural design : _btechnical data for professional practice / _cDonald Watson, editor ; Michael J. Crosbie, editor. |
| 250 | _a8th ed. | ||
| 260 |
_aNew York : _bMcGraw-Hill, _cc2005. |
||
| 300 |
_a1 v. (various pagings) : _bill. ; _c29 cm. + _e1 CD-ROM (4 3/4 in.) |
||
| 650 | 0 |
_aBuilding _vHandbooks, manuals, etc. |
|
| 650 | 0 |
_aStandards, Engineering _vHandbooks, manuals, etc. |
|
| 650 | 0 |
_aArchitectural design _vHandbooks, manuals, etc. |
|
| 700 | 1 |
_aWatson, Donald, _d1937- |
|
| 700 | 1 | _aCrosbie, Michael J. | |
| 856 | 4 | 2 |
_3Contributor biographical information _uhttp://www.loc.gov/catdir/bios/mh051/2004053873.html |
| 856 | 4 | 1 |
_3Table of contents _uhttp://www.loc.gov/catdir/toc/mh041/2004053873.html |
| 856 | 4 | 2 |
_3Publisher description _uhttp://www.loc.gov/catdir/enhancements/fy0618/2004053873-d.html |
| 942 |
_2lcc _cBK _e8th ed. _n0 |
||
| 999 |
_c8283 _d8283 |
||